[Event "I Miedzynarodowy Memorial Ireny Warakomskiej - Open B"]
[Site "Suwalki"]
[Date "2017-08-17"]
[Round "8.29"]
[White "Beczala, Pawel "]
[Black "Hasinski, Krystian "]
[Result "1-0"]
[WhiteTitle ""]
[BlackTitle ""]
[WhiteElo "1789"]
[BlackElo "1904"]

1. e4 d6 2. d4 g6 3. c3 Bg7 4. f4 Nf6 5. Bd3 c5 6. Nf3 O-O 7. O-O cxd4 8. cxd4
d5 9. e5 Ne8 10. Nc3 e6 11. b3 Nc7 12. Ba3 Re8 13. Rc1 Bf8 14. Bxf8 Kxf8 15. Qe1
b6 16. Qg3 Ba6 17. Bxa6 Nbxa6 18. Ng5 h6 19. Nh7+ Kg7 20. Nf6 Rf8 21. f5 exf5
22. Rxf5 Ne6 23. Rf2 Nac7 24. Qe3 Rc8 25. Rcf1 a6 26. Rf3 Ng5 27. Rg3 Nge6 28.
Qd3 Ne8 29. Nxe8+ Qxe8 30. Rf6 Ng5 31. h4 Rxc3 32. Qxc3 Ne4 33. Qf3 Nxg3 34. Qxg3
Qc8 35. Qf3 Qd8 36. h5 a5 37. Qg4 g5 38. Qf3 b5 39. Rd6 Qe7 40. Qf6+ Qxf6 41.
exf6+ Kg8 42. Rxd5 Rb8 43. Rd6 Kf8 44. Kf2 Ke8 45. Ke3 a4 46. Ke4 axb3 47. axb3
Ra8 48. Rb6 Ra2 49. Kd5 Rf2 50. Kc5 Kd7 51. g4 Rf4 52. d5 Kc7 53. d6+ Kc8 54.
Kc6 Rxf6 55. Rxb5 Re6 56. Ra5 Kb8 57. Rf5 Re3 58. Rxf7 1-0

[Event "I Miedzynarodowy Memorial Ireny Warakomskiej - Open B"]
[Site "Suwalki"]
[Date "2017-08-17"]
[Round "8.30"]
[White "Tomicki, Marek "]
[Black "Ziemski, Przemyslaw"]
[Result "1-0"]
[WhiteTitle ""]
[BlackTitle ""]
[WhiteElo "1649"]
[BlackElo "1902"]

1. d4 f5 2. e3 Nf6 3. g3 e6 4. Bg2 d5 5. Ne2 Bd6 6. Bd2 O-O 7. Nbc3 a6 8. a3 Nbd7
9. b4 Nb6 10. Nf4 Nc4 11. O-O Bd7 12. Qe2 Qe7 13. Ncxd5 exd5 14. Nxd5 Nxd5 15.
Bxd5+ Kh8 16. Bxc4 Rf6 17. Bd3 Re8 18. f4 Rh6 19. c4 c6 20. Rae1 Qf7 21. c5 Bc7
22. Bc4 Be6 23. Bxe6 Rhxe6 24. Qd3 Re4 25. Rc1 h5 26. Rf2 Qg6 27. Rg2 Qe6 28.
Qc4 Qh6 29. Qf7 1-0

[Event "I Miedzynarodowy Memorial Ireny Warakomskiej - Open B"]
[Site "Suwalki"]
[Date "2017-08-17"]
[Round "8.31"]
[White "Karlov, Egor "]
[Black "Kaniak, Justyna"]
[Result "1-0"]
[WhiteTitle ""]
[BlackTitle ""]
[WhiteElo "1724"]
[BlackElo "1901"]

1. c4 e5 2. g3 Nc6 3. Nc3 g6 4. Bg2 Bg7 5. d3 d6 6. e4 Nf6 7. Nge2 O-O 8. O-O Be6
9. Nd5 Ne7 10. Bg5 Nfxd5 11. cxd5 Bd7 12. Qb3 Rb8 13. Qa3 a6 14. Rfc1 Bb5 15.
Qc3 Rc8 16. a4 Bd7 17. Qb3 b6 18. Rc2 h6 19. Be3 f5 20. f4 fxe4 21. dxe4 Kh7 22.
Rac1 Rf7 23. fxe5 Bxe5 24. Bd4 Bxd4+ 25. Nxd4 Kg7 26. Bf1 a5 27. Ba6 Ng8 28. Ne6+
Bxe6 29. dxe6 Re7 30. Bxc8 Qxc8 31. Qc3+ Kh7 32. Qf3 Kg7 33. Rc6 Nf6 34. Rxd6
Ne8 35. Rxb6 Rxe6 36. Rxe6 Qxe6 37. Qc3+ Kg8 38. Qc4 Kf7 39. Kf2 Nd6 40. Qxe6+
Kxe6 41. Ke3 1-0

[Event "I Miedzynarodowy Memorial Ireny Warakomskiej - Open B"]
[Site "Suwalki"]
[Date "2017-08-17"]
[Round "8.32"]
[White "Wierzbicki, Michal "]
[Black "Pytel, Przemyslaw"]
[Result "1-0"]
[WhiteTitle ""]
[BlackTitle ""]
[WhiteElo "1890"]
[BlackElo "1815"]

1. d4 Nf6 2. Nf3 d5 3. c4 e6 4. cxd5 exd5 5. Nc3 c6 6. Qc2 h6 7. Bf4 Bd6 8. Bxd6
Qxd6 9. e3 O-O 10. Bd3 Re8 11. O-O Nbd7 12. Rab1 a5 13. a3 b5 14. Bxb5 cxb5 15.
Nxb5 Qb8 16. Nc7 Ba6 17. Nxe8 Qxe8 18. Rfc1 Qe6 19. Nd2 Bb5 20. a4 Ba6 21. Qc6
Rb8 22. Qxe6 fxe6 23. b3 Bd3 24. Ra1 Ne4 25. Nxe4 Bxe4 26. Rc3 Kf7 27. f3 Bf5
28. Rac1 Ke7 29. Kf2 e5 30. g4 exd4 31. exd4 Bh7 32. Rc7 Rxb3 33. Ra7 Rb2+ 34.
Kg3 Bc2 35. Rxa5 Ra2 36. Rxd5 Bxa4 37. Re1+ Kf7 38. Rf5+ Nf6 39. Ra5 Bb3 40. Rxa2
Bxa2 41. Kf4 Bd5 42. h4 g6 43. Ra1 Nd7 44. Ra3 Ke7 45. Ra6 Be6 46. d5 Bf7 47.
g5 h5 48. Rc6 Nb8 49. Rc7+ Nd7 50. Ke4 Kd8 51. Rc6 Nb8 52. Rf6 Ke7 53. f4 Nd7
54. Rc6 Nf8 55. Rc7+ Nd7 56. f5 gxf5+ 57. Kxf5 Bxd5 58. g6 Kd6 59. Ra7 Nc5 60.
g7 Bg8 61. Ra8 Bh7+ 62. Kg5 Ne4+ 63. Kh6 Nf6 64. Ra6+ 1-0

[Event "I Miedzynarodowy Memorial Ireny Warakomskiej - Open B"]
[Site "Suwalki"]
[Date "2017-08-17"]
[Round "8.33"]
[White "Bartoszewicz, Marcin "]
[Black "Tarnowska, Aleksandra"]
[Result "1-0"]
[WhiteTitle ""]
[BlackTitle ""]
[WhiteElo "1875"]
[BlackElo "1807"]

1. e4 c5 2. Nf3 e6 3. d4 cxd4 4. Nxd4 a6 5. Nc3 Qc7 6. Bd3 b5 7. O-O Bb7 8. a4
b4 9. Na2 Nc6 10. Nxc6 dxc6 11. c3 bxc3 12. Nxc3 Nf6 13. Qe2 Be7 14. Bg5 h6 15.
Bh4 Bd6 16. Bg3 Bxg3 17. hxg3 Qe5 18. Ra3 c5 19. Rb3 Bc6 20. Rb6 Bd7 21. Bxa6
O-O 22. Bb5 Qc7 23. Ra6 Rxa6 24. Bxa6 e5 25. Bc4 Ra8 26. b3 Qb6 27. Rd1 Bg4 28.
f3 Be6 29. Bxe6 fxe6 30. Qc4 Nh5 31. Nb5 Re8 32. Kh2 Qa5 33. Qxc5 Rd8 34. Rxd8+
Qxd8 35. Qxe5 Qe8 36. Nc7 Qb8 37. Qxh5 Qxc7 38. Qe8+ Kh7 39. Qxe6 Qd8 40. Qd5
Qb8 41. a5 Qa7 42. Qb5 h5 43. Qxh5+ Kg8 44. b4 g6 45. Qxg6+ Kh8 46. Qb6 Qh7+ 47.
Kg1 Qg6 48. Qb8+ 1-0

[Event "I Miedzynarodowy Memorial Ireny Warakomskiej - Open B"]
[Site "Suwalki"]
[Date "2017-08-17"]
[Round "8.34"]
[White "Milanowski, Jan"]
[Black "Kalejta, Arkadiusz "]
[Result "1-0"]
[WhiteTitle ""]
[BlackTitle ""]
[WhiteElo "1815"]
[BlackElo "1677"]

1. d4 d5 2. Nf3 Nf6 3. Bf4 c5 4. c3 Qb6 5. Qb3 Nc6 6. Qxb6 axb6 7. e3 c4 8. Nbd2
b5 9. a3 b4 10. cxb4 Nxb4 11. Rc1 Nc6 12. Be2 Bf5 13. O-O e6 14. Nh4 Bg6 15. Nxg6
hxg6 16. h3 Be7 17. Rfd1 O-O 18. f3 b5 19. Nb1 Na5 20. Nd2 Rfc8 21. Bg3 b4 22.
axb4 Bxb4 23. Be1 Bxd2 24. Bxd2 Nb3 25. Rb1 Nxd2 26. Rxd2 Ra2 27. Rc2 Rb8 28.
Bd1 Nd7 29. Kf1 Kf8 30. e4 Ke7 31. exd5 exd5 32. Kf2 f5 33. Ke1 Kd6 34. Kd2 Rb3
35. Kc1 Rb8 36. Rc3 Re8 37. Ra3 Rxa3 38. bxa3 Ra8 39. a4 Kc6 40. Bc2 Nb6 41. Rb4
Nd7 42. Kd2 Kd6 43. Ke3 Re8+ 44. Kd2 Nb8 45. a5 Nc6 46. Rb6 Kc7 47. Rxc6+ 1-0

[Event "I Miedzynarodowy Memorial Ireny Warakomskiej - Open B"]
[Site "Suwalki"]
[Date "2017-08-17"]
[Round "8.35"]
[White "Norek, Bartosz "]
[Black "Kukorowski, Jan"]
[Result "0-1"]
[WhiteTitle ""]
[BlackTitle ""]
[WhiteElo "1799"]
[BlackElo "1670"]

1. e4 e6 2. d4 d5 3. Nd2 c5 4. exd5 Qxd5 5. Ngf3 cxd4 6. Bc4 Qd6 7. O-O Nf6 8.
Nb3 Nc6 9. Nbxd4 Nxd4 10. Nxd4 Be7 11. b3 O-O 12. Bb2 a6 13. a4 Qc7 14. Qe2 b6
15. Rfe1 Bb7 16. Nf3 Qc6 17. Qe5 Rfd8 18. Qg3 b5 19. Bd3 Qb6 20. a5 Qa7 21. Qh3
h6 22. Ne5 Bc5 23. Re2 Rd6 24. Rf1 Rad8 25. Bc1 Be4 26. Be3 Bxd3 27. Nxd3 Bxe3
28. Rxe3 Qc7 29. Re2 Qxa5 30. f4 Qb6+ 31. Kh1 Nd5 32. Ref2 Ne3 33. Re1 Nxc2 34.
Rxc2 Rxd3 35. Qg4 Rxb3 36. Rec1 Rbd3 37. Rc8 Qd6 38. h4 b4 39. R8c6 Qb8 40. Rxa6
b3 41. Rf1 b2 42. f5 0-1

[Event "I Miedzynarodowy Memorial Ireny Warakomskiej - Open B"]
[Site "Suwalki"]
[Date "2017-08-17"]
[Round "8.36"]
[White "Ossolinski, Ziemowit "]
[Black "Milewski, Karol"]
[Result "1-0"]
[WhiteTitle ""]
[BlackTitle ""]
[WhiteElo "1798"]
[BlackElo "1747"]

1. e4 c5 2. Nf3 d6 3. d4 cxd4 4. Nxd4 Nf6 5. f3 a6 6. c4 e6 7. Be3 Be7 8. Nc3 O-O
9. Be2 Bd7 10. O-O Nc6 11. Nc2 Rb8 12. Qd2 Qc7 13. Rac1 Rfc8 14. Rfd1 Ne5 15.
Nd4 Nc6 16. Bf1 Nxd4 17. Bxd4 Bc6 18. Qf2 Nd7 19. b4 b6 20. Nd5 Bxd5 21. cxd5
Qb7 22. dxe6 fxe6 23. a3 b5 24. Qa2 Nf8 25. g3 Kh8 26. Rxc8 Rxc8 27. Bh3 Rc4 28.
Bf1 Rc8 29. Bh3 Rc4 30. Bf1 Rc8 31. a4 Bd8 32. axb5 axb5 33. Qe2 Rc4 34. Qb2 Rxd4
35. Rxd4 Bf6 36. Qf2 Bxd4 37. Qxd4 Qc6 38. Qd3 Nd7 39. Qxb5 Qc7 40. Bc4 Nf6 41.
Bxe6 g6 42. Qe2 Qb6+ 43. Kg2 Qxb4 44. Bc4 Qc5 45. Bd3 Kg7 46. Qb2 Qe5 47. Qxe5
dxe5 48. f4 exf4 49. gxf4 Nh5 50. Kf3 Kf6 51. e5+ Kf7 52. Ke4 Ng7 53. Be2 Nf5
54. Bf1 Ne7 55. Bh3 h6 56. Bd7 Kf8 57. h4 h5 58. Bh3 Kf7 59. Kd4 Ng8 60. Kd5 Ke7
61. Ke4 Kf7 62. Kd4 Ne7 63. Kc5 Ng8 64. Kd6 Ne7 65. Kd7 Kf8 66. Be6 g5 67. hxg5
Ng6 68. Bf5 Nxf4 69. Be4 h4 70. g6 Kg7 71. e6 Nxe6 72. Kxe6 h3 73. Kf5 h2 74.
Kg5 1-0

[Event "I Miedzynarodowy Memorial Ireny Warakomskiej - Open B"]
[Site "Suwalki"]
[Date "2017-08-17"]
[Round "8.37"]
[White "Matuszczyk, Mateusz"]
[Black "Lascar, Radoslawa"]
[Result "1-0"]
[WhiteTitle ""]
[BlackTitle ""]
[WhiteElo "1666"]
[BlackElo "1778"]

1. e4 c5 2. Nf3 Nc6 3. d4 cxd4 4. Nxd4 e5 5. Nb5 d6 6. N1c3 a6 7. Na3 b5 8. Nd5
Nf6 9. Bg5 Be7 10. Nxe7 Nxe7 11. Bxf6 gxf6 12. Qd2 f5 13. exf5 Bxf5 14. c4 d5
15. cxb5 a5 16. Rd1 Qb6 17. Qe3 Qe6 18. b6 d4 19. b7 Rb8 20. Qd2 Rxb7 21. Qxa5
O-O 22. Bc4 Qd6 23. Bb3 Nc6 24. Qd2 Kh8 25. Qg5 Be4 26. f3 Rg8 27. Qd2 Bg6 28.
O-O Nb4 29. f4 Nd3 30. Nc4 Qc5 31. f5 Bh5 32. Qxd3 Bxd1 33. Rxd1 Qc6 34. g3 Re7
35. Nd2 Qf6 36. Bd5 Rd8 37. Be4 Rc8 38. a4 Rec7 39. a5 Ra7 40. Nc4 Qe7 41. Nb6
Rd8 42. Qb5 Rb8 43. b4 Qc7 44. Qc6 Qd8 45. Qh6 f6 46. Rc1 Rf7 47. b5 Ra7 48. Qd2
Qe8 49. Rc6 Qg8 50. Rxf6 Qg4 51. Qb4 Rg7 52. Qb1 Qe2 53. Qd3 Qe1+ 54. Kg2 Qxa5
55. Nc4 Qxb5 56. Re6 Rc8 57. Rxe5 Qd7 58. Rd5 Qa7 59. Rxd4 Qa2+ 60. Nd2 Qg8 61.
f6 Rgc7 62. Bd5 Qf8 63. f7 Rxf7 64. Bxf7 Qxf7 65. Rd8+ Rxd8 66. Qxd8+ Kg7 67.
Qd4+ Kg8 68. Qc4 1-0

[Event "I Miedzynarodowy Memorial Ireny Warakomskiej - Open B"]
[Site "Suwalki"]
[Date "2017-08-17"]
[Round "8.38"]
[White "Tylenda, Krzysztof "]
[Black "Chin, Shun Yi"]
[Result "0-1"]
[WhiteTitle ""]
[BlackTitle ""]
[WhiteElo "1750"]
[BlackElo "1521"]

1. e4 e6 2. d4 d5 3. Nc3 Nf6 4. e5 Nfd7 5. f4 c5 6. Nf3 Nc6 7. Be3 Be7 8. Qd2 O-O
9. Bd3 cxd4 10. Nxd4 Nxd4 11. Bxd4 f6 12. O-O a6 13. Qe3 fxe5 14. fxe5 Rxf1+ 15.
Rxf1 Nf8 16. Na4 Bd7 17. Nb6 Rb8 18. Nxd7 Qxd7 19. Qf3 Qe8 20. c4 dxc4 21. Bxc4
Rc8 22. Bb3 b5 23. a3 a5 24. Qg4 Bc5 25. Rd1 Bxd4+ 26. Qxd4 Qc6 27. Kh1 Qc5 28.
Qe4 a4 29. Ba2 Qc1 30. Qg4 Rc6 31. Bxe6+ Nxe6 32. Qxe6+ Rxe6 33. Rxc1 Rxe5 34.
Kg1 Re2 35. Rb1 Kf7 36. b3 b4 37. axb4 a3 38. h3 Rb2 39. Ra1 a2 40. Kh2 Ke6 41.
b5 Kd7 42. Kg3 Kc7 43. Kf3 Kb6 44. g4 Kxb5 45. Ke4 Kb4 46. Kd5 Ka3 47. Ke6 Rb1
48. Rxa2+ Kxa2 49. Kf7 Rxb3 50. Kxg7 Rxh3 0-1

[Event "I Miedzynarodowy Memorial Ireny Warakomskiej - Open B"]
[Site "Suwalki"]
[Date "2017-08-17"]
[Round "8.39"]
[White "Huchwajda, Grzegorz"]
[Black "Hagner, Pawel"]
[Result "0-1"]
[WhiteTitle ""]
[BlackTitle ""]
[WhiteElo "1566"]
[BlackElo "1709"]

1. e4 d6 2. d4 Nf6 3. Nc3 g6 4. Nf3 Bg7 5. Be2 c6 6. a4 O-O 7. O-O Nbd7 8. h3 Qc7
9. Be3 e5 10. Qd2 Re8 11. dxe5 dxe5 12. Rfd1 Bf8 13. Ne1 Nc5 14. f3 Ne6 15. Nd3
Nd4 16. Bf1 Ne6 17. Qf2 b6 18. g4 Ba6 19. h4 Rad8 20. Qh2 Bxd3 21. Rxd3 Rxd3 22.
Bxd3 Rd8 23. Rd1 Nf4 24. Bf1 Rxd1 25. Nxd1 Bd6 26. Qd2 Qe7 27. c3 Bc5 28. Qf2
Bxe3 29. Nxe3 Nd7 30. Kh2 Nc5 31. Kg3 Nxa4 32. Qd2 Nc5 33. Qd1 Qd7 34. Qxd7 Nxd7
35. g5 f6 36. Ng4 fxg5 37. hxg5 Kg7 38. Ba6 Nh5+ 39. Kf2 Nc5 40. Bf1 Nd7 41. b4
Nf4 42. Ke3 Ne6 43. Bc4 Nxg5 44. f4 exf4+ 45. Kxf4 Nf7 46. Be6 Nf6 47. Bxf7 Nxg4
48. Be8 h5 49. Bxc6 Kf6 50. Ba4 Ne5 51. Ke3 g5 52. Kd4 g4 53. Ke3 g3 54. Bd1 h4
55. Be2 Kg5 56. Bf1 Kg4 57. c4 h3 58. Be2+ Kh4 59. Bf3 Nxc4+ 0-1

[Event "I Miedzynarodowy Memorial Ireny Warakomskiej - Open B"]
[Site "Suwalki"]
[Date "2017-08-17"]
[Round "8.40"]
[White "Wolagiewicz, Kinga "]
[Black "Ziemski, Jaroslaw"]
[Result "1-0"]
[WhiteTitle ""]
[BlackTitle ""]
[WhiteElo "1611"]
[BlackElo "1668"]

1. e4 e5 2. Nf3 Nc6 3. Bb5 Nge7 4. d3 g6 5. O-O Bg7 6. c3 O-O 7. Re1 d6 8. h3 f5
9. exf5 Bxf5 10. Bg5 h6 11. Be3 Qd7 12. d4 Bxh3 13. gxh3 Qxh3 14. Nh2 exd4 15.
cxd4 Rf5 16. Bxc6 Nxc6 17. Qg4 Qxg4+ 18. Nxg4 Nxd4 19. Bxd4 Rf4 20. Bxg7 Rxg4+
21. Kf1 Kxg7 22. Re7+ Kg8 23. Rxc7 Rf8 24. Na3 Rgf4 25. Rc2 g5 26. Rd1 R8f6 27.
Nc4 g4 28. Kg2 h5 29. Rd5 h4 30. Rh5 h3+ 31. Kg3 Kf7 32. Nxd6+ Kg6 33. Rd5 Rf3+
34. Kh4 h2 35. Rg5+ Kh6 36. Rh5+ Kg7 37. Kxg4 R6f4+ 38. Kg5 Rxf2 39. Rxh2 Rxh2
40. Rxh2 Rb4 41. Rc2 b6 42. b3 Kf8 43. Rc4 Rxc4 44. Nxc4 Ke7 45. Kf5 b5 46. Na3
a6 47. Ke5 Kd7 48. Kd5 b4 49. Nc4 Kc7 50. Kc5 1-0